00934nam a2200253 a 450000100100000000500170001000800410002702000180006804000250008608200180011110000350012924500840016424600420024826000420029030000200033249000270035250000420037965000260042165000430044770000250049083000320051595201160054799900170066300004425920240226141826.0110921s2007 dr a 000 0 spa d a9789945406627 aDO-SdBNPbspacBNPHU a843. 8bV531V1 aVerne, Julio,d1828-19059107310a20.000 lenguas de viaje submarino /cJulio Verne ; ilustraciones José Lovera.13aVeinte mil leguas de viaje submarino. aSanto Domingo :bAlfa y Omega,c2007. a163 p. ;c21cm.1 aClásicos universales aIncluye notas al pie de las páginas 4aNovela francesa91075 4aExploracines submarinasxNovela97226412aLovera, José91072 0aClásicos universales9266 0010718PDaPDbPDcCTd2014-06-11iLF1l0o843. 8 V531Vp44259-10r2020-06-25w2020-06-25yLFPDZNo se presta c43748d43748